[Event "Lichtenberger Sommer 2019"]
[Site "Berlin"]
[Date "2019.08.24"]
[Round "8.64"]
[White "Gebhardt, Christine"]
[Black "Rehder, Frank"]
[Result "1/2-1/2"]
[WhiteElo "1663"]
[BlackElo "1793"]
[PlyCount "39"]
[EventDate "2019.??.??"]
[WhiteTeam "Anastasias Matt"]
[BlackTeam "SC Zugzwang 95 (Berlin)"]

1. e4 c5 2. d4 cxd4 3. c3 dxc3 4. Nxc3 Nc6 5. Bc4 e6 6. Nf3 Be7 7. O-O d6 8.
Qe2 Nf6 9. Rd1 O-O 10. h3 Ne8 11. Bf4 Na5 12. Bd3 Bd7 13. Rac1 Rc8 14. Rc2 a6
15. b4 Nc6 16. a3 b5 17. Rdc1 Qb6 18. Nd5 Qd8 19. Nxe7+ Qxe7 20. Bg5 1/2-1/2

[Event "Lichtenberger Sommer 2019"]
[Site "Berlin"]
[Date "2019.08.24"]
[Round "8.65"]
[White "Wadepfuhl, Jeremy"]
[Black "Bandsom, Olaf"]
[Result "1/2-1/2"]
[WhiteElo "1668"]
[BlackElo "1784"]
[PlyCount "39"]
[EventDate "2019.??.??"]
[WhiteTeam "Borussia Lichtenberg"]
[BlackTeam "SC Friesen Lichtenberg"]

1. b3 e5 2. Bb2 Nc6 3. e3 d5 4. Bb5 Bd6 5. f4 Qe7 6. Nf3 Bg4 7. fxe5 Bxe5 8.
Bxe5 Bxf3 9. Qxf3 Qxe5 10. Bxc6+ bxc6 11. Nc3 Nf6 12. O-O-O O-O 13. Rdf1 Qd6
14. Qf4 Rfb8 15. Qxd6 cxd6 16. Rf4 Rb7 17. Rhf1 Re8 18. Ra4 Ne4 19. Nxe4 Rxe4
20. Rf4 1/2-1/2

[Event "Lichtenberger Sommer 2019"]
[Site "Berlin"]
[Date "2019.08.24"]
[Round "8.66"]
[White "Ellert, Stefan"]
[Black "Bade, Heidrun"]
[Result "0-1"]
[WhiteElo "1580"]
[BlackElo "1783"]
[PlyCount "74"]
[EventDate "2019.??.??"]
[WhiteTeam "SV Empor Berlin"]
[BlackTeam "USV Potsdam"]

1. d4 d5 2. e3 Nf6 3. Bd3 Nbd7 4. f4 c5 5. c3 e6 6. Nf3 Be7 7. O-O b6 8. Ne5
Bb7 9. b3 O-O 10. Rf3 Ne4 11. Rh3 Ndf6 12. Nd2 h6 13. g4 Bd6 14. Bxe4 dxe4 15.
g5 hxg5 16. fxg5 Nh7 17. Nec4 Nxg5 18. Rh5 g6 19. Nxd6 gxh5 20. Nxb7 Qd5 21. h4
Nf3+ 22. Nxf3 exf3 23. e4 Qxe4 24. Nd6 Qg4+ 25. Kf2 Qxh4+ 26. Ke3 f2 27. Ne4 f5
28. Nxf2 cxd4+ 29. Qxd4 Qg3+ 30. Ke2 f4 31. Qe4 Rae8 32. Bb2 Rf5 33. Rf1 f3+
34. Kd3 Rd5+ 35. Kc4 Rc8+ 36. Kb4 Qd6+ 37. Ka4 Ra5# 0-1

[Event "Lichtenberger Sommer 2019"]
[Site "Berlin"]
[Date "2019.08.24"]
[Round "8.67"]
[White "Manz, Andreas"]
[Black "Ettel, Ralf"]
[Result "1-0"]
[WhiteElo "1775"]
[BlackElo "1471"]
[PlyCount "69"]
[EventDate "2019.??.??"]
[WhiteTeam "BSV 63 Chemie Weißensee"]
[BlackTeam "SK König Tegel"]

1. d4 Nf6 2. c4 e6 3. Nc3 d5 4. cxd5 exd5 5. Bg5 Be7 6. e3 O-O 7. Bd3 Nbd7 8.
Qc2 h6 9. Bh4 Re8 10. Nf3 c5 11. dxc5 Nxc5 12. Bb5 Ncd7 13. Rd1 Bb4 14. O-O
Bxc3 15. Qxc3 Qb6 16. Bxf6 Qxf6 17. Qxf6 gxf6 18. Rxd5 Re7 19. Bxd7 Bxd7 20.
Rc1 Be6 21. Ra5 b6 22. Ra4 Rd8 23. Nd4 Red7 24. b4 b5 25. Ra6 Kh7 26. a3 f5 27.
g3 Bc4 28. Nxf5 Rd1+ 29. Rxd1 Rxd1+ 30. Kg2 Bd5+ 31. Kh3 Be6 32. g4 Rd2 33. Kg3
Rd7 34. Nd4 Bc4 35. h4 1-0

[Event "Lichtenberger Sommer 2019"]
[Site "Berlin"]
[Date "2019.08.24"]
[Round "8.68"]
[White "Nimptsch, Nikolas"]
[Black "Neuwald, Volker"]
[Result "0-1"]
[WhiteElo "1500"]
[BlackElo "1774"]
[PlyCount "118"]
[EventDate "2019.??.??"]
[WhiteTeam "Leegebrucher SF"]
[BlackTeam "SK Ottenau"]

1. Nf3 d5 2. d4 Nf6 3. Bg5 e6 4. e3 c5 5. c3 Be7 6. Be2 O-O 7. O-O b6 8. Nbd2
Nc6 9. Ne5 Bb7 10. f4 Rc8 11. Ndf3 cxd4 12. exd4 Ne4 13. Nxc6 Bxc6 14. Bxe7
Qxe7 15. Ne5 Bb7 16. a4 Nd6 17. Bd3 Ne4 18. a5 f6 19. Nf3 Qc7 20. axb6 axb6 21.
Nd2 Ra8 22. Rxa8 Rxa8 23. Nxe4 dxe4 24. Bb5 f5 25. Qb3 Kf7 26. Bc4 Qd6 27. g3
Bd5 28. Kf2 Qc6 29. Bxd5 exd5 30. Rc1 b5 31. Ke3 Qc4 32. Qc2 Ra2 33. Qb1 Qb3
34. Rc2 b4 35. Qc1 g6 36. h3 Ra7 37. Kd2 Qc4 38. cxb4 Qxd4+ 39. Ke2 Qd3+ 40.
Kf2 Qf3+ 41. Kg1 Qxg3+ 42. Rg2 Qd3 43. Qc5 Re7 44. Qc3 Qxc3 45. bxc3 Rc7 46.
Rg3 Ke7 47. Kf2 Kd7 48. h4 Kc8 49. Ke2 Kb7 50. Kd2 Kb6 51. h5 Rc6 52. hxg6 hxg6
53. Rg1 Kb5 54. Rg3 Kc4 55. Rh3 Ra6 56. Kc1 Ra2 57. Kb1 Rf2 58. Rh4 Kxc3 59. b5
Rb2+ 0-1

[Event "Lichtenberger Sommer 2019"]
[Site "Berlin"]
[Date "2019.08.24"]
[Round "8.69"]
[White "Woinowski, Michael"]
[Black "Motsch, Sebastian"]
[Result "1-0"]
[WhiteElo "1768"]
[BlackElo "1275"]
[PlyCount "47"]
[EventDate "2019.??.??"]
[WhiteTeam "SC Kreuzberg"]

1. e4 d6 2. d4 g6 3. f4 Nf6 4. Nc3 Bg7 5. Nf3 c5 6. Bb5+ Bd7 7. Bc4 O-O 8. O-O
cxd4 9. Qxd4 Nc6 10. Qf2 Ng4 11. Qh4 Bf6 12. Qg3 h5 13. f5 Nce5 14. Bb3 Nxf3+
15. Rxf3 e6 16. h3 Ne5 17. Rf1 Kh7 18. Qf4 g5 19. Qf2 Rg8 20. fxe6 Bxe6 21.
Bxe6 fxe6 22. Qxf6 Qb6+ 23. Kh1 Raf8 24. Qe7+ 1-0

[Event "Lichtenberger Sommer 2019"]
[Site "Berlin"]
[Date "2019.08.24"]
[Round "8.70"]
[White "Glienke, Michael"]
[Black "Badestein, Hartmut"]
[Result "0-1"]
[WhiteElo "1754"]
[BlackElo "2042"]
[PlyCount "44"]
[EventDate "2019.??.??"]
[WhiteTeam "SC Kreuzberg"]
[BlackTeam "SC Friesen Lichtenberg"]

1. d4 Nf6 2. Bf4 c5 3. e3 d5 4. Nf3 Nc6 5. Be2 e6 6. O-O Bd6 7. Ne5 Qc7 8. Nxc6
bxc6 9. Bxd6 Qxd6 10. c4 O-O 11. Nc3 e5 12. dxe5 Qxe5 13. cxd5 cxd5 14. Bf3 Be6
15. Rc1 Rab8 16. b3 Rfc8 17. Qe2 c4 18. bxc4 dxc4 19. Rfd1 h6 20. g3 Qa5 21.
Rd4 Qa3 22. Kg2 Qxc1 0-1

[Event "Lichtenberger Sommer 2019"]
[Site "Berlin"]
[Date "2019.08.24"]
[Round "8.71"]
[White "Matitschka, Heinz"]
[Black "Kreuchauf, Olaf"]
[Result "1-0"]
[WhiteElo "1930"]
[BlackElo "1690"]
[PlyCount "67"]
[EventDate "2019.??.??"]
[WhiteTeam "TSG Oberschöneweide"]
[BlackTeam "SC Eintracht Berlin"]

1. d4 f5 2. c4 Nf6 3. Nc3 d6 4. Bg5 Nbd7 5. Qc2 g6 6. O-O-O c6 7. h4 h6 8. Bxf6
Nxf6 9. e3 Be6 10. Nh3 Qd7 11. Nf4 Bf7 12. Be2 O-O-O 13. d5 c5 14. h5 g5 15.
Ng6 Rg8 16. Bd3 e6 17. e4 Bxg6 18. hxg6 e5 19. exf5 Kb8 20. Rde1 a6 21. g3 Bg7
22. f4 gxf4 23. gxf4 e4 24. Bxe4 Nxe4 25. Qxe4 Rgf8 26. Qe6 Rxf5 27. Rhf1 Rf6
28. Qxd7 Rxd7 29. f5 Rf8 30. Ne4 Bf6 31. Nxf6 Rxf6 32. Re6 Rf8 33. f6 Kc7 34.
f7 1-0

[Event "Lichtenberger Sommer 2019"]
[Site "Berlin"]
[Date "2019.08.24"]
[Round "8.72"]
[White "Kellner, René"]
[Black "Schubert, Joachim"]
[Result "0-1"]
[WhiteElo "1700"]
[BlackElo "1923"]
[PlyCount "50"]
[EventDate "2019.??.??"]
[WhiteTeam "Potsdamer SV"]
[BlackTeam "SC Friesen Lichtenberg"]

1. e4 c5 2. Nc3 Nc6 3. f4 e6 4. Nf3 a6 5. d3 b5 6. a3 Nge7 7. Be2 d5 8. O-O g6
9. Qe1 Bg7 10. Bd2 O-O 11. Kh1 Qc7 12. Qh4 Nd4 13. Bd1 Bb7 14. f5 exf5 15. Nxd4
cxd4 16. Nxd5 Nxd5 17. exd5 Bxd5 18. Bh6 Bxh6 19. Qxh6 Qd7 20. h4 Rac8 21. h5
Rc6 22. Qf4 Qd6 23. Qf2 Qf6 24. Kg1 Qg5 25. hxg6 hxg6 0-1

[Event "Lichtenberger Sommer 2019"]
[Site "Berlin"]
[Date "2019.08.24"]
[Round "8.73"]
[White "Massa, Pietro"]
[Black "Scheide, Helmut"]
[Result "0-1"]
[WhiteElo "1677"]
[BlackElo "1921"]
[PlyCount "104"]
[EventDate "2019.??.??"]
[WhiteTeam "SF 1903 Berlin"]
[BlackTeam "USV Potsdam"]

1. d4 d5 2. Nf3 Nf6 3. e3 c5 4. c3 e6 5. Bd3 Nc6 6. Nbd2 cxd4 7. exd4 Bd6 8.
O-O O-O 9. Re1 Qc7 10. Nf1 e5 11. dxe5 Nxe5 12. Nxe5 Bxe5 13. Bg5 Ng4 14. g3 h6
15. Bc1 Bd6 16. Ne3 Nf6 17. Nf5 Bxf5 18. Bxf5 Rfe8 19. Be3 Bc5 20. Qf3 Bxe3 21.
Rxe3 Qb6 22. b3 Rxe3 23. Qxe3 Qxe3 24. fxe3 Re8 25. Re1 Re5 26. Bd3 Ng4 27. c4
dxc4 28. Bxc4 Rxe3 29. Rd1 Re7 30. Rd8+ Kh7 31. a4 Ne5 32. Bd3+ g6 33. Bb5 Kg7
34. Kg2 a6 35. Be2 Rc7 36. Rd5 f6 37. Rd2 Kf7 38. Kf2 Ke7 39. b4 Rc3 40. Rb2
Ra3 41. a5 Nc6 42. Bd1 Nd4 43. g4 Kd6 44. Rd2 Ke5 45. Kg2 Ra1 46. Bf3 Nxf3 47.
Kxf3 Ra3+ 48. Kf2 Rb3 49. Re2+ Kf4 50. Re6 Rb2+ 51. Kg1 Rxb4 52. Rxf6+ Kg5 0-1

[Event "Lichtenberger Sommer 2019"]
[Site "Berlin"]
[Date "2019.08.24"]
[Round "8.74"]
[White "Casny, Guenter"]
[Black "Uhlenbrock, Sven"]
[Result "1-0"]
[WhiteElo "1841"]
[BlackElo "1652"]
[PlyCount "129"]
[EventDate "2019.??.??"]
[WhiteTeam "SC Rochade (Berlin)"]

1. d4 d6 2. Nf3 Nf6 3. e3 Nbd7 4. Bd3 e5 5. Nbd2 Qe7 6. e4 exd4 7. Nxd4 Nc5 8.
f3 Nxd3+ 9. cxd3 g6 10. O-O Bg7 11. Ne2 O-O 12. Qc2 c6 13. Nb3 Be6 14. Bg5 h6
15. Bh4 g5 16. Bf2 Nh5 17. d4 Qf6 18. Rae1 Rfe8 19. Nbc1 Qd8 20. b3 Qa5 21. g4
Nf6 22. Ng3 Nd7 23. Rd1 Rac8 24. Nce2 d5 25. Nf5 Bxf5 26. gxf5 dxe4 27. fxe4
Nf6 28. e5 Ng4 29. Qd2 Qxd2 30. Rxd2 Rcd8 31. Rfd1 Nxf2 32. Kxf2 Bf8 33. Ng3
Rd5 34. Ne4 Be7 35. Kf3 Red8 36. f6 Bb4 37. Rd3 c5 38. Nd6 cxd4 39. Ke4 R8xd6
40. exd6 Rxd6 41. Rxd4 Rxf6 42. Ke5 Re6+ 43. Kf5 a5 44. h4 Bc3 45. Rd8+ Kg7 46.
hxg5 hxg5 47. R8d7 Rf6+ 48. Kg4 Kg6 49. Rxb7 Rf4+ 50. Kg3 Be5 51. Kg2 Rd4 52.
Rxd4 Bxd4 53. a3 Kf6 54. Kf3 Ke6 55. Rb5 f5 56. Rxa5 g4+ 57. Kg2 f4 58. Rg5 f3+
59. Kf1 Be3 60. Rxg4 Kf5 61. Rc4 Ke5 62. a4 Kd5 63. a5 f2 64. a6 Ba7 65. Rc7
1-0

[Event "Lichtenberger Sommer 2019"]
[Site "Berlin"]
[Date "2019.08.24"]
[Round "8.75"]
[White "Fricke, Janek Konrad"]
[Black "Schindler, Rudolf"]
[Result "0-1"]
[WhiteElo "1536"]
[BlackElo "1780"]
[PlyCount "68"]
[EventDate "2019.??.??"]
[WhiteTeam "SV Empor Berlin"]
[BlackTeam "Lasker Steglitz-Wilmersdorf"]

1. e4 d6 2. Nf3 Nf6 3. Nc3 e5 4. Bc4 Be7 5. d3 c6 6. Bb3 Nbd7 7. Ne2 Nc5 8. Ng3
Nxb3 9. axb3 g6 10. h3 h5 11. Bg5 b6 12. Qe2 Nd7 13. Be3 Bb7 14. c3 Qc7 15. Ng5
Qd8 16. h4 Nf6 17. d4 O-O 18. Bd2 exd4 19. cxd4 a5 20. e5 Ba6 21. Qf3 dxe5 22.
dxe5 Ng4 23. Qe4 Bc5 24. Nxh5 Bxf2+ 25. Kd1 Ne3+ 26. Kc1 Qd3 27. Nf6+ Kg7 28.
h5 Rh8 29. h6+ Rxh6 30. Rxh6 Kxh6 31. Nxf7+ Kg7 32. Qxd3 Bxd3 33. Nd6 Rh8 34.
Nfe8+ Kf8 0-1

[Event "Lichtenberger Sommer 2019"]
[Site "Berlin"]
[Date "2019.08.24"]
[Round "8.76"]
[White "Kirves, Martin"]
[Black "Hoffbauer, Jörg"]
[Result "0-1"]
[WhiteElo "1498"]
[BlackElo "1773"]
[PlyCount "46"]
[EventDate "2019.??.??"]
[WhiteTeam "BSC Rehberge"]
[BlackTeam "SF 1903 Berlin"]

1. d4 e6 2. e4 b6 3. c4 Bb7 4. Bd3 Bb4+ 5. Bd2 Bxd2+ 6. Nxd2 f5 7. Ngf3 fxe4 8.
Bxe4 Nc6 9. Ne5 Nf6 10. Bf3 Rb8 11. Bh5+ g6 12. Nxc6 dxc6 13. Bf3 Qxd4 14. O-O
O-O 15. Re1 Rfe8 16. Qc2 Qf4 17. Rad1 Rbd8 18. Ne4 Nd7 19. c5 Ne5 20. Be2 Rd5
21. g3 Nf3+ 22. Bxf3 Qxf3 23. Re3 Rxd1+ 0-1

[Event "Lichtenberger Sommer 2019"]
[Site "Berlin"]
[Date "2019.08.24"]
[Round "8.78"]
[White "Tedesco, Gennaro"]
[Black "Tschirschwitz, Stephan"]
[Result "1-0"]
[WhiteElo "1663"]
[BlackElo "1495"]
[PlyCount "101"]
[EventDate "2019.??.??"]
[WhiteTeam "SC Kreuzberg"]
[BlackTeam "Lasker Steglitz-Wilmersdorf"]

1. d4 d5 2. c4 c6 3. Nf3 Nf6 4. Nc3 Bf5 5. cxd5 cxd5 6. Qb3 Qd7 7. Ne5 Qc7 8.
Nxd5 Nxd5 9. Qxd5 e6 10. Qb3 Nc6 11. Nxc6 Qxc6 12. e3 a6 13. Bd2 Bc2 14. Qc4
Rc8 15. Qxc6+ Rxc6 16. Be2 Be4 17. f3 Bg6 18. Rc1 Rxc1+ 19. Bxc1 Bd6 20. O-O
O-O 21. Bd2 Rc8 22. Rc1 Rxc1+ 23. Bxc1 f6 24. g3 Be8 25. Bd3 Bc6 26. e4 h6 27.
Kf2 Kf7 28. Bd2 Ke7 29. a3 Bc7 30. Bb4+ Bd6 31. Bxd6+ Kxd6 32. f4 b5 33. b4 Bd7
34. g4 e5 35. dxe5+ fxe5 36. f5 Ke7 37. h4 g5 38. hxg5 hxg5 39. Ke3 Bc6 40. Bc2
Bd7 41. Bb3 Kd6 42. Bd5 Bc8 43. Kf3 Ke7 44. Bc6 Kd6 45. Ba8 Ke7 46. Bd5 Kf6 47.
Bc6 Ke7 48. a4 bxa4 49. Bxa4 Bd7 50. Bxd7 Kxd7 51. Ke3 1-0

[Event "Lichtenberger Sommer 2019"]
[Site "Berlin"]
[Date "2019.08.24"]
[Round "8.79"]
[White "Nguyen, Phuc Nhat"]
[Black "Koerber, Bernhard"]
[Result "1-0"]
[WhiteElo "1599"]
[BlackElo "1488"]
[PlyCount "43"]
[EventDate "2019.??.??"]
[WhiteTeam "SC Zugzwang 95 (Berlin)"]
[BlackTeam "Lasker Steglitz-Wilmersdorf"]

1. e4 e6 2. d4 d5 3. exd5 exd5 4. Nf3 Nf6 5. Bf4 Be7 6. Bd3 Bg4 7. Nbd2 c6 8.
c3 O-O 9. O-O Bd6 10. Bxd6 Qxd6 11. h3 Be6 12. Qc2 h6 13. Ne5 Nbd7 14. Ndf3
Rae8 15. Nxd7 Qxd7 16. Ne5 Qc7 17. Rfe1 Re7 18. Re3 Rfe8 19. Rae1 Nd7 20. Nxf7
Nf6 21. Ne5 Qc8 22. Ng6 1-0

[Event "Lichtenberger Sommer 2019"]
[Site "Berlin"]
[Date "2019.08.24"]
[Round "8.80"]
[White "Toth, Hans-Jürgen"]
[Black "Lippianowski, Stefan"]
[Result "1-0"]
[WhiteElo "1401"]
[BlackElo "1083"]
[PlyCount "67"]
[EventDate "2019.??.??"]
[WhiteTeam "SF Zehdenick"]
[BlackTeam "SV Mattnetz Berlin"]

1. f4 d5 2. Nf3 Nc6 3. e3 Bg4 4. Be2 Nf6 5. O-O h5 6. h3 Bf5 7. b3 Nb4 8. c3
Nc2 9. Bb2 Nxa1 10. Bxa1 Bxb1 11. Qxb1 Ne4 12. Qb2 f6 13. Nd4 Qd6 14. Rf3 O-O-O
15. b4 e5 16. Nb3 c6 17. d3 exf4 18. exf4 Ng3 19. Rxg3 Qxf4 20. Rf3 Qd6 21. Nd4
g6 22. Qc2 Bh6 23. Bb2 Rhe8 24. Bc1 Bg7 25. Bf4 Qd7 26. a4 g5 27. Bh2 g4 28.
hxg4 hxg4 29. Rf4 Bh6 30. Bxg4 Re1+ 31. Kf2 Re6 32. Bxe6 Qxe6 33. Nxe6 Re8 34.
Rxf6 1-0

[Event "Lichtenberger Sommer 2019"]
[Site "Berlin"]
[Date "2019.08.24"]
[Round "8.81"]
[White "Wahner, Eberhard"]
[Black "Koppe, Cordelia"]
[Result "1-0"]
[WhiteElo "1592"]
[BlackElo "1436"]
[PlyCount "83"]
[EventDate "2019.??.??"]
[WhiteTeam "SC Eintracht Berlin"]
[BlackTeam "SV Rüdersdorf"]

1. c4 c5 2. Nc3 b6 3. Nf3 Bb7 4. g3 Nf6 5. Bg2 d5 6. cxd5 Nxd5 7. O-O e6 8. Re1
Be7 9. e4 Nb4 10. d4 c4 11. Ne5 Qc8 12. a3 f6 13. Qh5+ g6 14. Nxg6 Kd7 15. Nxe7
Kxe7 16. axb4 Nc6 17. d5 Nxb4 18. Qd1 Nd3 19. Re3 e5 20. b3 Ba6 21. Ba3+ Kd8
22. bxc4 Qxc4 23. Na2 Rc8 24. Nc1 Nf4 25. gxf4 exf4 26. Re1 Rg8 27. Kh1 Qc3 28.
Ne2 Qe5 29. Nd4 Bb7 30. Ne6+ Ke8 31. Qa4+ Kf7 32. Qd7+ Kg6 33. Qxb7 Kh6 34. Bc1
Qc3 35. Bxf4+ Kh5 36. Qxh7+ Kg4 37. Qf5+ Kh4 38. Bg3+ Rxg3 39. fxg3+ Qxg3 40.
hxg3+ Kxg3 41. Qf3+ Kh4 42. Qh3# 1-0

[Event "Lichtenberger Sommer 2019"]
[Site "Berlin"]
[Date "2019.08.24"]
[Round "8.82"]
[White "Abraham, Helmut"]
[Black "Timm, Christian"]
[Result "1/2-1/2"]
[WhiteElo "1468"]
[BlackElo "1573"]
[PlyCount "76"]
[EventDate "2019.??.??"]
[WhiteTeam "SC Kreuzberg"]
[BlackTeam "SV Herzberg"]

1. Nf3 e6 2. c4 Be7 3. Nc3 Nf6 4. e3 b6 5. Be2 Bb7 6. O-O O-O 7. d4 d6 8. Qc2
Nbd7 9. Bd2 Rc8 10. Rac1 c5 11. d5 e5 12. e4 a6 13. a4 Re8 14. Ne1 Nf8 15. f4
exf4 16. Bxf4 Ng6 17. Bg3 Nd7 18. Nd3 Bg5 19. Nf4 Nxf4 20. Bxf4 Ne5 21. Rcd1
Rc7 22. Bxe5 Rxe5 23. Rf3 Bc8 24. Rdf1 Bg4 25. Rg3 Bxe2 26. Qxe2 Bh4 27. Rg4 g6
28. Rgf4 Bg5 29. Rg4 Rce7 30. Kh1 h5 31. Rg3 Bh4 32. Rgf3 f5 33. g3 Bg5 34. h4
Bh6 35. Qc2 fxe4 36. Rf6 Qe8 37. Rxd6 Kh7 38. Rff6 Rf5 1/2-1/2

[Event "Lichtenberger Sommer 2019"]
[Site "Berlin"]
[Date "2019.08.24"]
[Round "8.83"]
[White "Schiller, Stephan"]
[Black "Lange, Christoph"]
[Result "1-0"]
[WhiteElo "1571"]
[BlackElo "1306"]
[PlyCount "83"]
[EventDate "2019.??.??"]
[WhiteTeam "SV Motor Wildau"]
[BlackTeam "TSG Oberschöneweide"]

1. d4 d5 2. c4 e6 3. Nc3 Nf6 4. Nf3 Nbd7 5. Bf4 c6 6. cxd5 Nxd5 7. Nxd5 cxd5 8.
Qc2 Bb4+ 9. Nd2 Nf6 10. Qa4+ Bd7 11. Qxb4 Bc6 12. e3 a5 13. Qc5 Ne4 14. Nxe4
dxe4 15. Bb5 Qd5 16. Qxd5 exd5 17. Bxc6+ bxc6 18. Rc1 Kd7 19. O-O a4 20. Rc2
Rhc8 21. Rfc1 Ra6 22. f3 f5 23. fxe4 fxe4 24. h4 h5 25. Rf1 Rf8 26. Be5 Rxf1+
27. Kxf1 g6 28. Bg3 Ra8 29. Be1 Rb8 30. Bc3 Rf8+ 31. Rf2 Rxf2+ 32. Kxf2 Kd6 33.
Kg3 c5 34. Kf4 cxd4 35. Bxd4 Ke6 36. Kg5 Kf7 37. g3 Ke6 38. Kxg6 Ke7 39. Kxh5
Kf7 40. Kg5 Kg8 41. Kg6 Kf8 42. Kh5 1-0

[Event "Lichtenberger Sommer 2019"]
[Site "Berlin"]
[Date "2019.08.24"]
[Round "8.84"]
[White "Stark, Steven"]
[Black "Theilig, Reinhard"]
[Result "1/2-1/2"]
[WhiteElo "1443"]
[BlackElo "1560"]
[PlyCount "58"]
[EventDate "2019.??.??"]
[WhiteTeam "BSC Rehberge"]
[BlackTeam "VfB Hermsdorf"]

1. e4 d6 2. Nf3 Nf6 3. c3 g6 4. d4 Bg7 5. Bd3 O-O 6. O-O Nbd7 7. Bg5 c5 8. Bxf6
Bxf6 9. Na3 a6 10. Nc2 Bg7 11. b4 cxd4 12. Nfxd4 Ne5 13. Be2 Qc7 14. Qe1 Bg4
15. f3 Bd7 16. a4 Rac8 17. Ra3 Qb6 18. Ne3 Rfe8 19. Qh4 e6 20. f4 Nc6 21. Nc4
Qc7 22. Nf3 d5 23. Ncd2 Ne7 24. Bd3 dxe4 25. Nxe4 Nd5 26. Ne5 Qd8 27. Qg3 Qb6+
28. Kh1 Qc7 29. Nc4 Rf8 1/2-1/2

[Event "Lichtenberger Sommer 2019"]
[Site "Berlin"]
[Date "2019.08.24"]
[Round "8.85"]
[White "Geiß, Anne"]
[Black "Caglar, Erdal"]
[Result "0-1"]
[WhiteElo "1393"]
[BlackElo "1514"]
[PlyCount "102"]
[EventDate "2019.??.??"]
[WhiteTeam "Schachpinguine Berlin"]
[BlackTeam "SW Lichtenrade"]

1. e4 e5 2. Nf3 d6 3. d4 exd4 4. Nxd4 Nf6 5. Nc3 Be7 6. h3 O-O 7. Be2 c5 8. Nf5
Nxe4 9. Nxe4 Bxf5 10. Ng3 Bg6 11. O-O Nc6 12. c3 Re8 13. Bh5 Ne5 14. Qd5 Bxh5
15. Nxh5 b6 16. Be3 Qc7 17. Rad1 Rad8 18. f4 Nd7 19. Qf3 Nf6 20. Ng3 Bf8 21. f5
h6 22. Bf4 Qc8 23. c4 a6 24. a4 Rd7 25. Rd2 Qa8 26. Qd1 d5 27. cxd5 Rxd5 28.
Qf3 Rxd2 29. Qxa8 Rxa8 30. Bxd2 b5 31. b4 c4 32. Ra1 Rd8 33. Be1 Nd5 34. axb5
axb5 35. Rd1 Be7 36. Ne4 Kf8 37. Nc5 Ke8 38. g4 Ne3 39. Rxd8+ Kxd8 40. Kf2 Nd5
41. Ke2 Nf4+ 42. Kd2 Nxh3 43. Bg3 Bxc5 44. bxc5 Kd7 45. Kc3 Kc6 46. Bd6 Nf2 47.
Kb4 Nxg4 48. Bf8 g6 49. fxg6 fxg6 50. Bg7 h5 51. Bf8 h4 0-1

[Event "Lichtenberger Sommer 2019"]
[Site "Berlin"]
[Date "2019.08.24"]
[Round "8.86"]
[White "Fontaine, Constantin"]
[Black "Dittrich, Hans-Jürgen"]
[Result "1-0"]
[WhiteElo "1498"]
[BlackElo "1284"]
[PlyCount "71"]
[EventDate "2019.??.??"]
[WhiteTeam "SK Tempelhof 1931"]
[BlackTeam "SC Eintracht Berlin"]

1. Nf3 Nf6 2. c4 b6 3. g3 Bb7 4. Bg2 e6 5. O-O d5 6. cxd5 Bxd5 7. d3 Be7 8. Bf4
O-O 9. Na3 Bc6 10. Rc1 Bd6 11. Bxd6 cxd6 12. Nd4 Bxg2 13. Kxg2 a6 14. Qc2 e5
15. Nc6 Nxc6 16. Qxc6 Rc8 17. Qxc8 Qxc8 18. Rxc8 Rxc8 19. Nc4 Rc6 20. a4 b5 21.
axb5 axb5 22. Ne3 g6 23. Ra1 Kg7 24. Ra5 Rb6 25. b4 d5 26. Nc2 Ne8 27. d4 exd4
28. Nxd4 Nd6 29. f4 Nc4 30. Rxb5 Rxb5 31. Nxb5 Nb6 32. Kf3 Kf6 33. Ke3 Ke7 34.
Kd4 f6 35. h4 h5 36. Kc5 1-0

[Event "Lichtenberger Sommer 2019"]
[Site "Berlin"]
[Date "2019.08.24"]
[Round "8.87"]
[White "Wilke, Hans-Peter"]
[Black "Direktor, Paul"]
[Result "0-1"]
[WhiteElo "1523"]
[BlackElo "1350"]
[PlyCount "26"]
[EventDate "2019.??.??"]
[WhiteTeam "Läufer Reinickendorf"]
[BlackTeam "SK Neuburg"]

1. d4 d5 2. Bf4 Nf6 3. e3 e6 4. c3 c5 5. Bd3 Nc6 6. Nd2 Bd7 7. Ngf3 Qb6 8. Rb1
cxd4 9. exd4 Rc8 10. O-O Nh5 11. Bg3 Nxg3 12. hxg3 Bd6 13. Qc2 Nb4 0-1

[Event "Lichtenberger Sommer 2019"]
[Site "Berlin"]
[Date "2019.08.24"]
[Round "8.88"]
[White "Eichstädt, Torsten"]
[Black "Müller, Johannes"]
[Result "0-1"]
[WhiteElo "1401"]
[BlackElo "1760"]
[PlyCount "42"]
[EventDate "2019.??.??"]
[WhiteTeam "SG NARVA Berlin"]
[BlackTeam "SC Eintracht Berlin"]

1. e4 c6 2. d4 d5 3. Nc3 dxe4 4. Nxe4 Bf5 5. Ng3 Bg6 6. Nf3 e6 7. Ne5 Nd7 8.
Nxg6 hxg6 9. Ne2 Ngf6 10. Bg5 Bd6 11. g3 Qa5+ 12. Qd2 Qd5 13. Bf4 Bxf4 14. Nxf4
Qxh1 15. O-O-O Qxh2 16. Bg2 Qh7 17. Qb4 g5 18. Nxe6 fxe6 19. Re1 Qf5 20. Qd6
Kf7 21. g4 Qxg4 0-1

[Event "Lichtenberger Sommer 2019"]
[Site "Berlin"]
[Date "2019.08.24"]
[Round "8.89"]
[White "Mueller, Jörg René"]
[Black "Nareyek, Matthias"]
[Result "1-0"]
[WhiteElo "1590"]
[BlackElo "1448"]
[PlyCount "71"]
[EventDate "2019.??.??"]
[WhiteTeam "SC Zugzwang 95 (Berlin)"]
[BlackTeam "SV Empor Berlin"]

1. c4 Nf6 2. Nc3 g6 3. Nf3 Bg7 4. d4 O-O 5. e4 d6 6. Bd3 Nbd7 7. O-O e5 8. d5
Nc5 9. Bc2 a5 10. a4 Ne8 11. Nd2 f5 12. exf5 Bxf5 13. Bxf5 Rxf5 14. Nde4 Nxe4
15. Nxe4 Rf8 16. Ra3 Qh4 17. Qe2 h6 18. Rh3 Qe7 19. Bxh6 Bxh6 20. Rxh6 Kg7 21.
Rh3 Nf6 22. Ng5 Rh8 23. Ne6+ Kf7 24. Rg3 Rag8 25. f4 e4 26. h3 Ke8 27. c5 Nh5
28. Rc3 dxc5 29. Rxc5 Ng3 30. Qe3 Nxf1 31. Kxf1 c6 32. Qxe4 Kd7 33. dxc6+ Ke8
34. cxb7 Kf7 35. Ng5+ Kf6 36. Qd4+ 1-0

[Event "Lichtenberger Sommer 2019"]
[Site "Berlin"]
[Date "2019.08.24"]
[Round "8.90"]
[White "Kultscher, Christian"]
[Black "Paris, Gerhard"]
[Result "1-0"]
[WhiteElo "1366"]
[BlackElo "1384"]
[PlyCount "39"]
[EventDate "2019.??.??"]
[WhiteTeam "1. SC Anhalt"]
[BlackTeam "TSG Oberschöneweide"]

1. d4 Nf6 2. Nc3 g6 3. e4 d6 4. Nf3 Bg7 5. Bc4 O-O 6. Ng5 Nbd7 7. h4 e6 8. Bxe6
h6 9. Bxf7+ Rxf7 10. Nxf7 Kxf7 11. Be3 Nb6 12. b3 Qe8 13. f3 Bd7 14. Qd2 h5 15.
O-O-O a5 16. a4 Nc8 17. Rhe1 b5 18. e5 Nh7 19. Bg5 Nxg5 20. hxg5 1-0

[Event "Lichtenberger Sommer 2019"]
[Site "Berlin"]
[Date "2019.08.25"]
[Round "9.1"]
[White "Ahmadinia, Ebrahim"]
[Black "Syre, Christian"]
[Result "1-0"]
[WhiteElo "2453"]
[BlackElo "2198"]
[PlyCount "85"]
[EventDate "2019.??.??"]
[WhiteTeam "SF 1903 Berlin"]

1. e4 d6 2. d4 g6 3. Nc3 Bg7 4. Be3 a6 5. Qd2 b5 6. h4 Nf6 7. f3 h5 8. O-O-O
Nc6 9. Kb1 Bd7 10. Nh3 Bxh3 11. Rxh3 e5 12. d5 Na5 13. Rh1 Qd7 14. Bg5 Qc8 15.
a3 Nd7 16. Na2 Nb7 17. Nb4 Na5 18. Be3 Nb6 19. b3 Nd7 20. g3 Kf8 21. Bh3 Qe8
22. Qc3 Qd8 23. Na2 Nb7 24. Qc6 Ndc5 25. b4 Qb8 26. bxc5 Na5 27. Qd7 Nc4 28.
Bc1 Bh6 29. Bxh6+ Rxh6 30. Rd3 dxc5 31. Qc6 Qa7 32. Qf6 Kg8 33. Qg5 Kg7 34. Rc3
f6 35. Qc1 Rhh8 36. Ka1 Rhb8 37. Bf1 Nd6 38. Qe3 c4 39. Qxa7 Rxa7 40. Nb4 Raa8
41. Nc6 Rf8 42. Re3 a5 43. Kb2 1-0

[Event "Lichtenberger Sommer 2019"]
[Site "Berlin"]
[Date "2019.08.25"]
[Round "9.2"]
[White "Stern, René"]
[Black "Ortmann, David"]
[Result "1-0"]
[WhiteElo "2515"]
[BlackElo "2340"]
[PlyCount "75"]
[EventDate "2019.??.??"]
[WhiteTeam "SK König Tegel"]
[BlackTeam "SC Böblingen"]

1. Nf3 d5 2. d4 Nf6 3. c4 dxc4 4. e3 Bg4 5. Nbd2 e6 6. Nxc4 Nbd7 7. a3 c5 8.
dxc5 Nxc5 9. Qxd8+ Rxd8 10. b4 Bxf3 11. gxf3 Nd3+ 12. Bxd3 Rxd3 13. Bd2 Be7 14.
Ke2 Rd7 15. Rac1 O-O 16. e4 b6 17. Ne5 Rb7 18. Nc6 Ra8 19. Be3 Bf8 20. Rhd1 a5
21. Rd8 Rxd8 22. Nxd8 Rb8 23. Nc6 Rb7 24. bxa5 bxa5 25. Nxa5 Rb2+ 26. Kf1 Nd7
27. Rc8 Rb8 28. Rxb8 Nxb8 29. a4 Bb4 30. Nb7 Kf8 31. Ke2 Ke7 32. Kd3 Kd7 33.
Kc4 Nc6 34. Kb5 Kc7 35. Nd8 Nxd8 36. Bb6+ Kb7 37. Bxd8 h5 38. a5 1-0